000 00652nam a2200241Ia 4500
003 OSt
005 20221005025209.0
006 a|||||r|||| 00| 0
007 ta
008 221004b |||||||| |||| 00| 0 eng d
024 _a52259
037 _cTextual
040 _aCRL
_cCRL
_beng
041 _2eng
_aeng
082 _aV2:1:L0, F5.4
100 _aSarkar Jadunath
245 0 _aHistory of Aurngzib
_b V .4 Souther India, 1645--1689.
260 _aCalcutta
_bM. C. Sarkar and sons India
_c1930
300 _a489p.
_ccm.
650 _aHISTORY
942 _hV2:1:L0, F5.4
_cTEXL
_2cc
999 _c934333
_d934333